000 01359nam a2200325 i 4500
003 EG-GICUC
005 20260126123700.0
008 260126q2001 ly ||||fr|||| 00| 0 ara d
020 _a9959220095
040 _a EG-GICUC
_bara
_c EG-GICUC
_d EG-GICUC
_erda
041 0 _aara
082 0 4 _a343.442602
_bم ص . ش
_221
092 0 4 _221
099 _aLaw1 10 343.442602 م ص . ش 2001 1006313
100 0 _aأحمد عبد اللاه عبد الحميد عبد الرحيم المراغي.
_eمؤلف.
245 1 0 _aشرح أحكام قانون الأمن والشرطة في التشريع الليبي /
_cعقيد مصطفى عبد الحميد دلاف.
264 1 _aبنغازي، ليبيا :
_bدار الكتب الوطنية،
_c2001.
300 _a160 صفحة ؛
_c24 سم.
_bإيضاحيات، صور، مثيليات ؛
336 _2rda content
_atext
337 _2rda media
_aComputer
338 _2rda carrier
_aOnline Resource
504 _aيشتمل على ارجاعات ببليوجرافية.
546 _aالنص باللغة العربية
650 1 4 _aقانون العقوبات العسكري.
_zليبيا.
_2qrmak
650 1 4 _aالقانون الجنائي.
_zليبيا.
_2qrmak
651 1 _2qrmak
856 4 0 _uhttps://fll.law.cu.edu.eg/fulltext/bks/B10-06313.pdf
905 _a18
942 _2ddc
_cBK
_e21
_n0
999 _c59436
_d59436